Normal view
MARC view
- التجارة الدولية
Entry Topical Term
001 - CONTROL NUMBER
- control field: 32539
003 - CONTROL NUMBER IDENTIFIER
- control field: JO-AjAnu
005 - DATE AND TIME OF LATEST TRANSACTION
- control field: 20230606075452.0
008 - FIXED-LENGTH DATA ELEMENTS
- fixed length control field: 230606|| aca||aabn | a|a d
040 ## - CATALOGING SOURCE
- Original cataloging agency: JO-AjAnu
- Transcribing agency: JO-AjAnu
150 ## - HEADING--TOPICAL TERM
- Topical term or geographic name entry element: التجارة الدولية
670 ## - SOURCE DATA FOUND
- Source citation: Work cat.: (JO-AjAnu)16715: المراكبي،السيد عبد المنعم, author 32538, التجارة الدولية وسيادة الدولة:دراسة لاهم التغيرات التي لحقت سيادة الدولة في ظل تنامي التجارة الدولية